[Event "FRA-ch U16 Girls"]
[Site "Aix les Bains"]
[Date "2009.04.20"]
[Round "2"]
[White "Lefevre, Margaux"]
[Black "Bellotti, Charlotte"]
[Result "1/2-1/2"]
[WhiteElo "2021"]
[BlackElo "1758"]
[PlyCount "135"]
[EventDate "2009.04.19"]
[EventType "swiss"]
[EventRounds "9"]
[EventCountry "FRA"]
[SourceTitle "CBM 130 Extra"]
[Source "ChessBase"]
[SourceDate "2009.07.02"]
[SourceVersion "2"]
[SourceVersionDate "2009.07.15"]
[SourceQuality "1"]

1. e4 c5 2. Nf3 Nc6 3. d4 cxd4 4. Nxd4 Nf6 5. Nc3 d6 6. Bg5 e6 7. Qd2 Be7 8. 0-0-0 a6 9. f4 Bd7 10. Nf3 b5 11. Bxf6 gxf6 12. Kb1 b4 13. Ne2 a5 14. Ned4 Nxd4 15. Nxd4 Rb8 16. Bc4 Qc7 17. Qe2 a4 18. b3 a3 19. Rd3 Qc5 20. Re1 h5 21. Nf3 Bb5 22. Bxb5+ Rxb5 23. Qe3 f5 24. Qxc5 Rxc5 25. Rd4 fxe4 26. Rdxe4 Rb5 27. Nd4 Rb6 28. Ne2 d5 29. Re3 Bf6 30. Rh3 h4 31. Ng1 Rg8 32. g3 hxg3 33. hxg3 Rc6 34. Ne2 Kd7 35. Rh7 Ke7 36. Rd1 Rgc8 37. Rd2 Bc3 38. Nxc3 Rxc3 39. Rg2 Re3 40. Rh1 Rcc3 41. Rhg1 Re4 42. Kc1 Rce3 43. Kd2 Rc3 44. Kd1 Ree3 45. Kd2 d4 46. Re1 Rxg3 47. Rxg3 Rxg3 48. Re4 Rg2+ 49. Kd3 Rg1 50. Kxd4 Ra1 51. Kd3 Rxa2 52. Rxb4 Ra1 53. Ra4 f5 54. Ke2 a2 55. Kf2 Kd6 56. Kg2 e5 57. fxe5+ Kxe5 58. Kf2 f4 59. Kg2 Kf5 60. b4 Kg4 61. b5 Rb1 62. Rxa2 Rxb5 63. Ra8 Rc5 64. Rg8+ Kf5 65. Rf8+ Ke4 66. Re8+ Kd4 67. Re2 Re5 68. Rxe5 1/2-1/2

[Event "FRA-ch U12 Girls"]
[Site "Aix les Bains"]
[Date "2006.??.??"]
[Round "4"]
[White "Bellotti, Charlotte"]
[Black "Stubbe, Alicia"]
[Result "1-0"]
[WhiteElo "1600"]
[BlackElo "1380"]
[PlyCount "65"]
[EventDate "2006.04.16"]
[EventType "swiss"]
[EventRounds "9"]
[EventCountry "FRA"]
[SourceTitle "EXT 2007"]
[Source "ChessBase"]
[SourceDate "2006.11.23"]
[SourceVersion "1"]
[SourceVersionDate "2006.11.23"]
[SourceQuality "1"]

1. c4 e5 2. Nc3 Nf6 3. g3 c6 4. Bg2 Bb4 5. d3 d5 6. cxd5 cxd5 7. a3 Ba5 8. b4 Bb6 9. Nf3 Qd6 10. Bb2 0-0 11. Na4 e4 12. dxe4 Nxe4 13. 0-0 Bc7 14. Nc3 Re8 15. Nxd5 Qe6 16. Nxc7 Qd7 17. Nxa8 Qe7 18. Qd4 Nf6 19. Qxa7 Nc6 20. Bxf6 Qxf6 21. Qc5 Bg4 22. Nb6 Bxf3 23. Bxf3 Nd4 24. Rfe1 Nb3 25. Qb5 Rd8 26. Rad1 Rb8 27. Nd7 Nd4 28. Nxf6+ gxf6 29. Rxd4 Kg7 30. Rg4+ Kh6 31. Qc4 Kh5 32. Rg8+ Kh6 33. Qh4# 1-0

[Event "FRA-ch U12 Girls"]
[Site "Calvi"]
[Date "2005.04.19"]
[Round "3"]
[White "Bellotti, Charlotte"]
[Black "Goubert, Caroline"]
[Result "1-0"]
[WhiteElo "1580"]
[BlackElo "1370"]
[PlyCount "149"]
[EventDate "2005.04.??"]
[EventType "swiss"]
[EventRounds "9"]
[EventCountry "FRA"]
[SourceTitle "EXT 2006"]
[Source "ChessBase"]
[SourceDate "2005.11.24"]
[SourceVersion "1"]
[SourceVersionDate "2005.11.24"]
[SourceQuality "1"]

1. e4 e5 2. Nf3 Nc6 3. Bc4 Bc5 4. Nc3 Nf6 5. d3 h6 6. Be3 Bb6 7. 0-0 0-0 8. h3 d6 9. Nh2 Be6 10. Bb3 d5 11. exd5 Bxd5 12. Nxd5 Nxd5 13. Bd2 Nf4 14. Qg4 Qf6 15. Kh1 Rfe8 16. Be3 Rad8 17. Rad1 Ne6 18. Nf3 Rd6 19. Rfe1 Red8 20. Nh4 Ne7 21. Bxe6 Rxe6 22. Nf3 c5 23. Qg3 Nf5 24. Qh2 Rdd6 25. Bd2 Re8 26. Rxe5 Rf8 27. Bf4 Rd7 28. Rde1 Rdd8 29. Bd2 Bc7 30. Rxf5 Qxf5 31. Qxc7 Qd5 32. Re5 Qxa2 33. Qxb7 Qb1+ 34. Kh2 Qxc2 35. Qxa7 Qxb2 36. Rxc5 Rxd3 37. Be3 Rd1 38. Qc7 Qb1 39. Rc1 Rxc1 40. Bxc1 Qe4 41. Qg3 Qe6 42. Be3 Kh8 43. Bd4 Rg8 44. Nh4 Qd7 45. Be3 Qe6 46. Qf3 Qd6+ 47. Kg1 Rc8 48. Qxf7 Ra8 49. Qf4 Ra1+ 50. Kh2 Qxf4+ 51. Bxf4 g5 52. Be5+ Kh7 53. Bxa1 gxh4 54. Bf6 Kg6 55. Bxh4 h5 56. g3 Kh6 57. f4 Kg6 58. g4 hxg4 59. hxg4 Kh6 60. f5 Kg7 61. f6+ Kf7 62. g5 Kg6 63. Kg3 Kf7 64. Kf4 Kg6 65. Ke5 Kf7 66. Kf5 Kg8 67. Kg6 Kh8 68. Kf7 Kh7 69. g6+ Kh6 70. g7 Kh5 71. g8Q Kxh4 72. Ke7 Kh3 73. f7 Kh4 74. f8Q Kh3 75. Qh6# 1-0

[Event "France-ch U10 Girls"]
[Site "Reims"]
[Date "2004.04.25"]
[Round "9"]
[White "Bellotti, Charlotte"]
[Black "Neuhauser, Salome"]
[Result "0-1"]
[WhiteElo "1370"]
[BlackElo "1460"]
[PlyCount "92"]
[EventDate "2004.04.??"]
[EventType "swiss"]
[EventRounds "9"]
[EventCountry "FRA"]
[SourceTitle "EXT 2005"]
[Source "ChessBase"]
[SourceDate "2004.11.15"]
[SourceVersion "1"]
[SourceVersionDate "2004.11.15"]
[SourceQuality "1"]

1. e4 e5 2. Nf3 Nc6 3. Bc4 Bc5 4. Nc3 Nf6 5. d3 d6 6. Bg5 h6 7. Bh4 g5 8. Nxg5 hxg5 9. Bxg5 Rg8 10. h4 Bg4 11. f3 Be6 12. Nd5 Bxd5 13. Bxd5 Nd4 14. Bxb7 Rb8 15. c3 Rxb7 16. cxd4 Bxd4 17. Qa4+ Qd7 18. Qxd7+ Nxd7 19. Rb1 Nc5 20. Kd2 Rxb2+ 21. Rxb2 Bxb2 22. Rb1 f6 23. Rxb2 fxg5 24. hxg5 Rxg5 25. Ke3 Rg3 26. Rd2 Ne6 27. Kf2 Rg8 28. Rb2 Nf4 29. Kf1 Nxd3 30. Rb7 c5 31. a4 a5 32. Rb5 c4 33. Rd5 Kd7 34. g4 Nb4 35. Rd1 c3 36. Ke2 Rc8 37. Rc1 Ke6 38. Ke3 Kf6 39. Ke2 Kg5 40. Ke3 Kf6 41. Ke2 Kg6 42. Ke3 Kg5 43. Ke2 Kf4 44. Kf2 c2 45. Rh1 c1Q 46. Rh5 Rc2# 0-1

[Event "France-ch U10 Girls"]
[Site "Reims"]
[Date "2004.04.21"]
[Round "5"]
[White "Aflalo, Sophie"]
[Black "Bellotti, Charlotte"]
[Result "1-0"]
[WhiteElo "1510"]
[BlackElo "1370"]
[PlyCount "107"]
[EventDate "2004.04.??"]
[EventType "swiss"]
[EventRounds "9"]
[EventCountry "FRA"]
[SourceTitle "EXT 2005"]
[Source "ChessBase"]
[SourceDate "2004.11.15"]
[SourceVersion "1"]
[SourceVersionDate "2004.11.15"]
[SourceQuality "1"]

1. e4 c5 2. Nf3 e6 3. d4 cxd4 4. Nxd4 Qb6 5. Nb3 Nc6 6. Be3 Qb4+ 7. N1d2 Nf6 8. Bd3 d5 9. a3 Qd6 10. exd5 Nxd5 11. 0-0 Nxe3 12. fxe3 Qe5 13. Nc4 Qc7 14. Qf3 f6 15. Nd4 Nxd4 16. exd4 Qf7 17. Ne5 Qc7 18. Qh5+ Kd8 19. Nf7+ Kd7 20. Bb5+ Ke7 21. Nxh8 Bd7 22. Bxd7 Kxd7 23. Rfe1 g6 24. Qxh7+ Be7 25. Nxg6 Qd6 26. Qxe7+ Qxe7 27. Nxe7 Kxe7 28. Re3 Rc8 29. c3 Rc6 30. d5 Rd6 31. c4 Kd7 32. dxe6+ Ke7 33. Rae1 a6 34. Kf2 Rd2+ 35. R3e2 Rd6 36. b4 Rc6 37. c5 f5 38. Rd1 Rxe6 39. Rxe6+ Kxe6 40. Kf3 Ke7 41. Kf4 Ke6 42. Rd6+ Ke7 43. Kxf5 Ke8 44. Kf6 a5 45. h4 axb4 46. h5 bxa3 47. h6 a2 48. Rd1 b5 49. h7 a1Q+ 50. Rxa1 Kd7 51. Ra6 b4 52. h8Q b3 53. Qg7+ Kd8 54. Ra1 1-0

[Event "France-ch U10 Girls"]
[Site "Reims"]
[Date "2004.04.19"]
[Round "3"]
[White "Bellotti, Charlotte"]
[Black "Thaly, Torrente"]
[Result "1-0"]
[WhiteElo "1370"]
[BlackElo "1510"]
[PlyCount "113"]
[EventDate "2004.04.??"]
[EventType "swiss"]
[EventRounds "9"]
[EventCountry "FRA"]
[SourceTitle "EXT 2005"]
[Source "ChessBase"]
[SourceDate "2004.11.15"]
[SourceVersion "1"]
[SourceVersionDate "2004.11.15"]
[SourceQuality "1"]

1. e4 c5 2. Nf3 e6 3. d4 cxd4 4. Nxd4 a6 5. Nc3 b5 6. a3 d6 7. Bd3 Nf6 8. Be3 Be7 9. 0-0 0-0 10. Qf3 Bb7 11. Qg3 Kh8 12. f4 Nbd7 13. Qh3 e5 14. fxe5 dxe5 15. Nf5 Nc5 16. Qg3 Rg8 17. Nxe7 Qxe7 18. Rf5 Nxd3 19. cxd3 g6 20. Rxe5 Qd6 21. Bg5 Nh5 22. Be7 Qc7 23. Rxh5 Qxg3 24. Bf6+ Rg7 25. Bxg7+ Kxg7 26. Rxh7+ Kxh7 27. hxg3 Rd8 28. Rd1 Kh6 29. d4 Kg5 30. d5 f6 31. Kf2 Kg4 32. Ne2 f5 33. exf5 Bxd5 34. Nf4 Kxf5 35. Rxd5+ Rxd5 36. Nxd5 Ke5 37. Nc7 Ke4 38. Nxa6 Kd3 39. Nc7 Kc4 40. Nxb5 Kxb5 41. Kf3 Kc4 42. Kg4 Kb3 43. Kg5 Kxb2 44. a4 Kb3 45. a5 Kb4 46. a6 Kc5 47. a7 Kd6 48. a8Q Ke6 49. Qc6+ Kf7 50. Qxg6+ Ke7 51. Kf5 Kd7 52. Qf6 Ke8 53. Qg7 Kd8 54. Ke6 Kc8 55. Kd6 Kb8 56. Kc6 Ka8 57. Qb7# 1-0